000 00372nmm a2200145Ia 4500
008 251105s9999||||xx |||||||||||||||||und||
041 _aspa
100 _aGael, Erika
245 0 _aFaery
264 _a[Madrid, España] :
_bEdiciones B,
_c2013
300 _a380 páginas
650 _aRomance
856 _uhttps://public.digitaliapublishing.com/a/52775
942 _cCF
999 _c104792
_d104792